Tance /

Hlavní autor: Livorová, Helena, 1911-
Další autoři: Hrkalová, Liběna, Konečná, Eva
Jazyk: Čeština
Vydáno: Praha : Orbis, 1953
Témata:
Fyzický popis: 19 s.
Knihy
Uloženo v:
LEADER 01103nam a22002772a 4500
001 000750217
003 CZ BrMZK
005 20240403065939.0
007 ta
008 041116s1953 xr er|||||||||||cze d
015 |a cnb000507673 
035 |a (OCoLC)85312545 
040 |a BOA001  |b cze 
100 1 |a Livorová, Helena,  |d 1911-  |7 jk01072306  |4 aut 
245 1 0 |a Tance /  |c Helena Livorová, Liběna Hrkalová ; zhudebnila Eva Konečná 
260 |a Praha :  |b Orbis,  |c 1953 
300 |a 19 s. 
700 1 |a Hrkalová, Liběna  |7 jx20100119017  |4 aut 
700 1 |a Konečná, Eva  |4 cmp 
910 |a BOA001  |b PK-0014.897  |b X-0302.998 
964 |a Tance lidové dívčí - návody 
990 |a BK 
996 7 |b 2618807291  |c X-0302.998  |l MZK  |r Sklad / do 24 hodin  |n 1  |w 000750217  |u 000030  |a 1  |e BOA001  |j MZK50  |s A 
996 6 |b 2618807292  |c X-0302.998  |l MZK  |r Sklad / do 24 hodin  |n 0  |w 000750217  |u 000040  |a 1  |e BOA001  |j MZK50  |s P 
996 7 |b 3119638836  |c PK-0014.897  |l MZK  |r Sklad / do 1 hodiny  |n 2  |w 000750217  |u 000010  |a 1  |e BOA001  |j MZK50  |s A 
996 7 |b 3119680859  |c PK-0014.897  |l MZK  |r Sklad / do 1 hodiny  |n 0  |w 000750217  |u 000020  |a 1  |e BOA001  |j MZK50  |s A